000 00553nam a2200229Ia 4500
003 OSt
005 20221005120817.0
006 a|||||r|||| 00| 0
007 ta
008 221004b |||||||| |||| 00| 0 eng d
024 _a63269
037 _cTextual
040 _aCRL
_cCRL
_beng
041 _2eng
_aeng
082 _aW, G2
100 _aKarve D G
245 0 _aFederation
_b A study in comparative politics
260 _c1932
650 _aPOLITICAL SCIENCE
942 _hW, G2
_cTEXL
_2cc
999 _c1039202
_d1039202